000 00247nam a22000977a 4500
999 _c11800
_d11800
008 200218b ||||| |||| 00| 0 eng d
020 _a9780439114257
100 _aKeats Jack Ezra
_97481
245 _aPeter's Chair
260 _aNew York
_bScholastic Inc